Tự nhiên - xã hội và phương pháp dạy tự nhiên - xã hội Tài liệu đào tạo giáo viên tiểu học trình độ cao đẳng và đại học sư phạm T.1
Spremljeno u:
| Glavni autor: | |
|---|---|
| Daljnji autori: | |
| Format: | Knjiga |
| Jezik: | Undetermined |
| Izdano: |
H.
Giáo dục
2007
|
| Teme: | |
| Online pristup: | http://lrc.tdmu.edu.vn/opac/search/detail.asp?aID=2&ID=4193 |
| Oznake: |
Dodaj oznaku
Bez oznaka, Budi prvi tko označuje ovaj zapis!
|
| Thư viện lưu trữ: | Trung tâm Học liệu Trường Đại học Thủ Dầu Một |
|---|
| LEADER | 00902nam a2200229Ia 4500 | ||
|---|---|---|---|
| 001 | TDMU_4193 | ||
| 008 | 210410s9999 xx 000 0 und d | ||
| 082 | |a 372.8 | ||
| 090 | |b L200 | ||
| 100 | |a Lê, Văn Trưởng | ||
| 245 | 0 | |a Tự nhiên - xã hội và phương pháp dạy tự nhiên - xã hội | |
| 245 | 0 | |b Tài liệu đào tạo giáo viên tiểu học trình độ cao đẳng và đại học sư phạm | |
| 245 | 0 | |c Lê Văn Trưởng | |
| 245 | 0 | |n T.1 | |
| 260 | |a H. | ||
| 260 | |b Giáo dục | ||
| 260 | |c 2007 | ||
| 300 | |a 200tr. | ||
| 650 | |a Phương pháp dạy học |x Tự nhiên xã hội |x Tiểu học; Phương pháp dạy học | ||
| 700 | |a Hoàng, Thanh Hải | ||
| 856 | |u http://lrc.tdmu.edu.vn/opac/search/detail.asp?aID=2&ID=4193 | ||
| 980 | |a Trung tâm Học liệu Trường Đại học Thủ Dầu Một | ||